000 00376nam a22001577a 4500
003 MPLRDC
005 20220104125301.0
008 210129b ||||| |||| 00| 0 eng d
082 _a857.9 CRB-33 v.1
100 _a曹若冰
245 _a桃花江黑马. 上
_c
260 _a
_b四维出版社
_c
300 _b
650 _a武侠小说
942 _cBK
_o857.9 CRB-33 v.1
999 _c26131
_d26121